[Event "Asia-ch"]
[Site "Mashhad"]
[Date "2011.05.06"]
[Round "5"]
[White "Annageldyev, Orazly"]
[Black "Khademi, Mohammad Miran"]
[Result "1-0"]
[WhiteElo "2418"]
[BlackElo "2308"]
[PlyCount "93"]
[EventDate "2011.05.02"]
[EventType "swiss"]
[EventRounds "9"]
[EventCountry "IRI"]
[SourceTitle "CBM 142"]
[Source "ChessBase"]
[SourceDate "2011.05.17"]
[SourceVersion "1"]
[SourceVersionDate "2011.05.17"]
[SourceQuality "1"]

1. d4 f5 2. Nf3 Nf6 3. c4 b6 4. g3 Bb7 5. Bg2 g6 6. 0-0 Bg7 7. Nc3 0-0 8. d5 c6 9. Bf4 cxd5 10. cxd5 Na6 11. Nd4 Nc5 12. Rc1 Nh5 13. Bg5 h6 14. Be3 f4 15. gxf4 Nxf4 16. Bxf4 Rxf4 17. e3 Rh4 18. Nf3 Rb4 19. Qc2 Qf8 20. h3 Qf5 21. a3 Rc4 22. Qxf5 gxf5 23. Nd2 Rh4 24. f4 Ba6 25. Rfd1 Nd3 26. Rc2 Rc8 27. Ndb1 Kf7 28. b4 Bc4 29. Ne2 Nb2 30. Rdd2 Na4 31. Nd4 Bxd4 32. Rxd4 b5 33. Nd2 Nb6 34. Nf3 Rh5 35. Ne5+ Kf6 36. d6 exd6 37. Rxd6+ Ke7 38. Rcd2 Be6 39. Kh2 Nc4 40. Nxc4 bxc4 41. Bf3 c3 42. Rxe6+ dxe6 43. Rc2 Rg5 44. fxg5 hxg5 45. Kg3 e5 46. e4 f4+ 47. Kf2 1-0